Investigations on energy input-output in below sea level rice production systems in Kuttanad region of Kerala (Record no. 14880)
[ view plain ]
| 000 -LEADER | |
|---|---|
| fixed length control field | 00712nam a22001577a 4500 |
| 003 - CONTROL NUMBER IDENTIFIER | |
| control field | OSt |
| 088 ## - REPORT NUMBER | |
| Report number | T 391 |
| 100 ## - MAIN ENTRY--AUTHOR NAME | |
| Personal name | NIDHIN J.K |
| 245 ## - TITLE STATEMENT | |
| Title | Investigations on energy input-output in below sea level rice production systems in Kuttanad region of Kerala |
| 260 ## - PUBLICATION, DISTRIBUTION, ETC. (IMPRINT) | |
| Place of publication | Tavanur 2017 |
| Name of publisher | DEPARTMENT OF FARM POWER, MACHINERY AND ENERGY |
| 500 ## - GENERAL NOTE | |
| General note | Investigations on energy input-output in below sea level rice production systems in Kuttanad region of Kerala |
| 520 ## - SUMMARY, ETC. | |
| Summary, etc | Investigations on energy input-output in below sea level rice production systems in Kuttanad region of Kerala |
| 856 ## - ELECTRONIC LOCATION AND ACCESS | |
| Uniform Resource Identifier | https://drive.google.com/open?id=1eG-CwTaGNMhYBPlZ6nw47lBVZBL0lZit |
| 942 ## - ADDED ENTRY ELEMENTS (KOHA) | |
| Koha item type | Theses |
| Collection code | Home library | Current library | Shelving location | Full call number | Accession Number | Koha item type | Public note |
|---|---|---|---|---|---|---|---|
| Reference | KAUAET | KAUAET | Reference | 631.3 NID/IN | T 391 | Theses | M.Tech Thesis |
